Introduction to management accounting / (Record no. 694)
| 000 -LEADER | |
|---|---|
| fixed length control field | 01848cam a2200337 a 4500 |
| 001 - CONTROL NUMBER | |
| control field | 16049202 |
| 003 - CONTROL NUMBER IDENTIFIER | |
| control field | OSt |
| 005 - DATE AND TIME OF LATEST TRANSACTION | |
| control field | 20140116120835.0 |
| 008 - FIXED-LENGTH DATA ELEMENTS--GENERAL INFORMATION | |
| fixed length control field | 100111s2011 njua b 001 0 eng |
| 010 ## - LIBRARY OF CONGRESS CONTROL NUMBER | |
| LC control number | 2010000905 |
| 020 ## - INTERNATIONAL STANDARD BOOK NUMBER | |
| International Standard Book Number | 9780138000912 |
| 040 ## - CATALOGING SOURCE | |
| Transcribing agency | DLC |
| 050 00 - LIBRARY OF CONGRESS CALL NUMBER | |
| Classification number | HF5635.I587 2011 |
| 245 00 - TITLE STATEMENT | |
| Title | Introduction to management accounting / |
| Statement of responsibility, etc | Charles T. Horngren ... [et al.]. |
| 250 ## - EDITION STATEMENT | |
| Edition statement | 15th ed. |
| 260 ## - PUBLICATION, DISTRIBUTION, ETC. (IMPRINT) | |
| Place of publication, distribution, etc | Upper Saddle River, N.J. : |
| Name of publisher, distributor, etc | Prentice Hall, |
| Date of publication, distribution, etc | c2011. |
| 300 ## - PHYSICAL DESCRIPTION | |
| Extent | various pagings : |
| Other physical details | ill. (some col.) . |
| 500 ## - GENERAL NOTE | |
| General note | "Chapters 1-14."--Cover. |
| 504 ## - BIBLIOGRAPHY, ETC. NOTE | |
| Bibliography, etc | Includes bibliographical references and index. |
| 505 0# - FORMATTED CONTENTS NOTE | |
| Formatted contents note | Managerial accounting, the business organization, and professional ethics -- Introduction to cost behavior and cost-volume relationships -- Measurement of cost behavior -- Cost management systems and activity-based costing -- Relevant information for decision making with a focus on pricing decisions -- Relevant information for decision making with a focus on operational decisions -- Introduction to budgets and preparing the master budget -- Flexible budgets and variance analysis -- Management control systems and responsibility accounting -- Management control in decentralized organizations -- Capital budgeting -- Cost allocation -- Accounting for overhead costs -- Job-order costing and process-costing systems |
| 650 #0 - SUBJECT ADDED ENTRY--TOPICAL TERM | |
| Topical term or geographic name as entry element | Managerial accounting. |
| 700 1# - ADDED ENTRY--PERSONAL NAME | |
| Personal name | Horngren, Charles T., |
| Dates associated with a name | 1926- |
| 700 1# - ADDED ENTRY--PERSONAL NAME | |
| Personal name | Sundem, Gary |
| 700 1# - ADDED ENTRY--PERSONAL NAME | |
| Personal name | Stratton, William O. |
| 700 1# - ADDED ENTRY--PERSONAL NAME | |
| Personal name | Burgstahler, David |
| 700 1# - ADDED ENTRY--PERSONAL NAME | |
| Personal name | Schatzberg, Jeff |
| 906 ## - LOCAL DATA ELEMENT F, LDF (RLIN) | |
| a | 7 |
| b | cbc |
| c | orignew |
| d | 1 |
| e | ecip |
| f | 20 |
| g | y-gencatlg |
| 942 ## - ADDED ENTRY ELEMENTS (KOHA) | |
| Source of classification or shelving scheme | |
| Koha item type | Book |
| Withdrawn status | Lost status | Source of classification or shelving scheme | Damaged status | Not for loan | Home library | Current library | Date acquired | Source of acquisition | Total Checkouts | Full call number | Barcode | Date last seen | Date checked out | Copy number | Price effective from | Koha item type | Total Renewals |
|---|---|---|---|---|---|---|---|---|---|---|---|---|---|---|---|---|---|
| Riara University Library | Riara University Library | 27/10/2011 | Purchase | 5 | HF5635.I587 2011 | 2570/11 | 29/07/2022 | 22/07/2022 | C.1 | 27/10/2011 | Book | ||||||
| Riara University Library | Riara University Library | 27/10/2011 | Purchase | 5 | HF5635.I587 2011 | 2569/11 | 12/07/2022 | 24/06/2022 | C.2 | 27/10/2011 | Book | 1 | |||||
| Riara University Library | Riara University Library | 27/10/2011 | Purchase | 4 | HF5635.I587 2011 | 2571/11 | 05/07/2022 | 24/06/2022 | C.3 | 27/10/2011 | Book |
